| 000 | 00798nam a22003017b 4500 | ||
|---|---|---|---|
| 001 | |||
| 003 | DO-SdBNP | ||
| 005 | 20170120152120.0 | ||
| 008 | 010424s2000 sp | ||| ||spa | ||
| 016 | 7 |
_a _2BPMSU |
|
| 017 |
_a _b |
||
| 020 | _a842071254X | ||
| 035 | _a(OCoLC) | ||
| 040 |
_aBPMSU _bspa _cBPMSU _e |
||
| 041 | 1 |
_aspa _h |
|
| 080 | 0 | _a | |
| 100 | 1 | _aVilarrubias, Pia | |
| 240 | 1 | 0 |
_aOn és la pilota? _lEspañol |
| 245 | 1 | 1 |
_a¿Dónde está la pelota? _h _cPía Vilarrubias ; traducción, Maite Valdés |
| 250 | _a | ||
| 260 |
_aSalamanca : _bAnaya _c2000 |
||
| 300 |
_a[36] p.: _bil. ; _c21 cm |
||
| 490 | 0 |
_aTina y su pandilla _v1 |
|
| 700 | _aValdés, Maite | ||
| 830 |
_aTina y su pandilla _v1 |
||
| 942 |
_2ddc _cBK |
||
| 956 |
_a VMATEO _b10 _c20170120 _dBPMSU _f0069 |
||
| 999 |
_c12535 _d12535 |
||